Kviz o Primorsko-goranskoj županiji - Statistics

General Stats
  • This quiz has been taken 3 times
  • The average score is 13 of 25
Answer Stats
Hint Answer % Correct
Zaštićeni strvinar koji se gnijezdi na otoku Cresu bjeloglavi sup
100%
Šumsko-brdsko područje; "zeleno srce Hrvatske" Gorski kotar
100%
Planina nazvana po vrsti mačke Risnjak
100%
Otok gdje žene nose šarene narodne minice i gdje se govori mješavinom arhaične čakavice i američkog engleskog Susak
100%
Geofizičar, meteorolog i jedan od osnivača moderne seizmologije Andrija Mohorovičić
67%
Starogrčki kip sportaša koji struže znoj i prljavštinu sa sebe; pronađen kod Lošinja Apoksiomen
67%
Starohrvatski glagoljički spomenik o zemljišnoj donaciji kralja Dmitra Zvonimira krčkom samostanu {Baščanska} ploča
67%
Nezaobilazni uzvanici Riječkog karnevala halubajski {zvončari}
67%
Operni skladatelj i pedagog (Nikola Šubić Zrinski) Ivan pl. Zajc
67%
Veliki rapski srednjovjekovni festival Rabska {fjera}
67%
Rapski svetac i osnivač jedne europske republike koja je nazvana po njemu sv. {Marin}
67%
Kip Zvonka Cara; simbol Opatije Djevojka s {galebom}
33%
Venetski govor grada Rijeke fijumanski
33%
Pjesnik, plemić, časnik i talijanski nacionalist koji je osvojio Rijeku i osnovao ekscentričnu Talijansku upravu za Kvarner (1919. - 1920.) Gabriele d'Annunzio
33%
Otok s tajnim političkim logorom u doba socijalističke Jugoslavije Goli Otok
33%
Luksuzno brutalističko jugoslavensko hotelsko naselje kojeg je dao izgraditi pornograf Bob Guccione; danas sablasno i napušteno Haludovo
33%
Partizan, novinar i pjesnik (Jama) Ivan Goran Kovačić
33%
Boem, anarhist i avangardni književnik (Isušena kaljuža) Janko Polić Kamov
33%
Žena koja je navodno spasila Rijeku od britanskog bombardiranja tijekom Napoleonskih ratova {Karolina} Riječka
33%
Maleni otočić s 540 vrsta biljaka i gljiva te samostanom s 30 000 rijetkih knjiga Košljun
33%
Kvarnerski kostim i nakit u obliku crnca u bijelom turbanu morčić
33%
Riječki čokoladni kolač; po legendi nastao iz zabranjene ljubavi belgijske princeze i romskog violinista rigojanči
33%
Multietnička tampon-država (1920. - 1924.) stvorena Rapalskim ugovorom {Slobodna} Država Rijeka
33%
Izum riječkog časnika Ivana Vukića torpedo
33%
Slikar i kipar prepoznatljivog nadrealnog stila (Para mi se Dubrovnik) Vojo Radoičić
33%
No matching quizzes found
Score Distribution
Percent of People with Each Score
Percentile by Number Answered
Your Score History
You have not taken this quiz